MARC details
| 000 -LEADER |
| fixed length control field |
01216cam a2200337 a 4500 |
| 001 - CONTROL NUMBER |
| control field |
588369 |
| 003 - CONTROL NUMBER IDENTIFIER |
| control field |
BDDh-ASL |
| 005 - DATE AND TIME OF LATEST TRANSACTION |
| control field |
20231015025723.0 |
| 008 - FIXED-LENGTH DATA ELEMENTS--GENERAL INFORMATION |
| fixed length control field |
900618s1989 enk b 000 0 eng |
| 010 ## - LIBRARY OF CONGRESS CONTROL NUMBER |
| LC control number |
90166878 |
| 020 ## - INTERNATIONAL STANDARD BOOK NUMBER |
| International Standard Book Number |
0718827791 |
| 040 ## - CATALOGING SOURCE |
| Original cataloging agency |
DLC |
| Transcribing agency |
DLC |
| Modifying agency |
BDDh-ASL |
| 041 ## - LANGUAGE CODE |
| Language code of text/sound track or separate title |
eng |
| 050 00 - LIBRARY OF CONGRESS CALL NUMBER |
| Classification number |
BP195.A5 |
| Item number |
A4613 1989 |
| 082 00 - DEWEY DECIMAL CLASSIFICATION NUMBER |
| Classification number |
297.01 |
| Edition number |
20 |
| Item number |
AHM |
| 100 1# - MAIN ENTRY--PERSONAL NAME |
| Personal name |
Ahmad, Hazrat Mirza Tahir |
| Dates associated with a name |
1928-2003. |
| 9 (RLIN) |
1505 |
| 240 10 - UNIFORM TITLE |
| Uniform title |
Maz̲hab ke nām par k̲h̲ūn. |
| Language of a work |
English |
| 245 10 - TITLE STATEMENT |
| Title |
Murder in the name of Allah / |
| Statement of responsibility, etc. |
Mirza Tahir Ahmad ; translated by Syed Barakat Ahmad. |
| 260 ## - PUBLICATION, DISTRIBUTION, ETC. |
| Place of publication, distribution, etc. |
Cambridge [England] : |
| Name of publisher, distributor, etc. |
Lutterworth Press, |
| Date of publication, distribution, etc. |
1989. |
| 300 ## - PHYSICAL DESCRIPTION |
| Extent |
xiii, 129 p. ; |
| Dimensions |
23 cm. |
| 500 ## - GENERAL NOTE |
| General note |
Translation of: Maz̲hab ke nām par k̲h̲ūn. |
| 504 ## - BIBLIOGRAPHY, ETC. NOTE |
| Bibliography, etc. note |
Includes bibliographical references (p. 120-129). |
| 600 10 - SUBJECT ADDED ENTRY--PERSONAL NAME |
| Personal name |
Maudoodi, Syed Abul ʻAla, |
| Dates associated with a name |
1903-1979. |
| 650 #0 - SUBJECT ADDED ENTRY--TOPICAL TERM |
| Topical term or geographic name entry element |
Ahmadiyya |
| General subdivision |
Apologetic works. |
| 650 #0 - SUBJECT ADDED ENTRY--TOPICAL TERM |
| Topical term or geographic name entry element |
Religious tolerance |
| General subdivision |
Islam. |
| 650 #0 - SUBJECT ADDED ENTRY--TOPICAL TERM |
| Topical term or geographic name entry element |
Violence |
| General subdivision |
Religious aspects |
| -- |
Islam. |
| 650 #0 - SUBJECT ADDED ENTRY--TOPICAL TERM |
| Topical term or geographic name entry element |
Apostasy |
| General subdivision |
Islam. |
| 906 ## - LOCAL DATA ELEMENT F, LDF (RLIN) |
| a |
7 |
| b |
cbc |
| c |
orignew |
| d |
2 |
| e |
ncip |
| f |
19 |
| g |
y-gencatlg |
| 942 ## - ADDED ENTRY ELEMENTS (KOHA) |
| Source of classification or shelving scheme |
Dewey Decimal Classification |
| Koha item type |
Books |